000 00728nam a22002177a 4500
005 20240530110532.0
008 160321s2012 ua g 000 f ara d
017 _a2012/7463
_bمصر . دار الكتب المصرية
020 _a9789770931318
040 _aEG-CaGPL
082 0 4 _221
_a823.03\
_bهـ ا
100 0 _aهشام مطر .
245 1 0 _aاختفاء /
_cهشام مطر ؛ ترجمة محمد عبدالنبى .
250 _aط1.
260 _aالقاهرة :
_bدار الشروق ،
_c2012 .
300 _a250 ص ؛
_c20 سم .
650 0 4 _aالقصص المترجمة .
700 0 _aمحمد عبدالنبى
_eمترجم .
942 _2ddc
_cBK
999 _c62114
_d62114